LEADER 05934nam 2200865 a 450 001 9910458632503321 005 20200520144314.0 010 $a1-280-91535-8 010 $a9786610915354 010 $a90-474-0568-4 010 $a1-4294-0841-3 024 7 $a10.1163/9789047405689 035 $a(CKB)1000000000402094 035 $a(SSID)ssj0000158127 035 $a(PQKBManifestationID)11155337 035 $a(PQKBTitleCode)TC0000158127 035 $a(PQKBWorkID)10145313 035 $a(PQKB)10191367 035 $a(MiAaPQ)EBC3003973 035 $a(OCoLC)73804501$z(OCoLC)144218762$z(OCoLC)191935941$z(OCoLC)301282743$z(OCoLC)481918891$z(OCoLC)607500161$z(OCoLC)614969244$z(OCoLC)648239703$z(OCoLC)667059060$z(OCoLC)722572101$z(OCoLC)728038693$z(OCoLC)888758049$z(OCoLC)961665727$z(OCoLC)962579614$z(OCoLC)974519775$z(OCoLC)974577449$z(OCoLC)982307454$z(OCoLC)988434593$z(OCoLC)991945689 035 $a(nllekb)BRILL9789047405689 035 $a(PPN)235316849 035 $a(Au-PeEL)EBL3003973 035 $a(CaPaEBR)ebr10175377 035 $a(CaONFJC)MIL91535 035 $a(OCoLC)73804501 035 $a(EXLCZ)991000000000402094 100 $a20040507d2004 uy 0 101 0 $aeng 135 $aurcn||||||||| 181 $ctxt 182 $cc 183 $acr 200 10$aFree speech in classical antiquity$b[electronic resource] /$fedited by Ineke Sluiter & Ralph M. Rosen 210 $aLeiden ;$aBoston $cBrill$d2004 215 $axii, 450 p 225 1 $aMnemosyne, bibliotheca classica Batava. Supplementum,$x0169-8958 ;$v254 300 $aConsists of a collection of papers presented at the second Penn-Leiden Colloquium on Ancient Values, held in June 2002 at the University of Pennsylvania. 311 $a90-04-13925-7 320 $aIncludes bibliographical references and indexes. 327 $tPreliminary Material /$rIneke Sluiter and Ralph M. Rosen -- $tGENERAL INTRODUCTION /$rIneke Sluiter and Ralph Rosen -- $tNEREIDS, COLONIES AND THE ORIGINS OF ISEGORIA /$rJeremy McInerney -- $tARISTOCRACY AND FREEDOM OF SPEECH IN THE GRECO-ROMAN WORLD /$rKurt A. Raaflaub -- $tBINDING SPEECHES: GIVING VOICE TO DEADLY THOUGHTS IN GREEK EPITAPHS /$rEric Casey -- $tWOMEN?S FREE SPEECH IN GREEK TRAGEDY /$rHanna M. Roisman -- $tAISCHROLOGY, SHAME, AND COMEDY /$rStephen Halliwell -- $tHARASSING THE SATIRIST: THE ALLEGED ATTEMPTS TO PROSECUTE ARISTOPHANES /$rAlan H. Sommerstein -- $tMAKING WORDS COUNT: FREEDOM OF SPEECH AND NARRATIVE IN THUCYDIDES /$rEmily Greenwood -- $tCITIZEN ATTRIBUTE, NEGATIVE RIGHT: A CONCEPTUAL DIFFERENCE BETWEEN ANCIENT AND MODERN IDEAS OF FREEDOM OF SPEECH /$rD.M. Carter -- $tTHE POWER TO SPEAK ?AND NOT TO LISTEN? IN ANCIENT ATHENS /$rRobert W. Wallace -- $tFREE SPEECH, COURAGE, AND DEMOCRATIC DELIBERATION /$rRyan K. Balot -- $tSPEAKER-AUDIENCE INTERACTION IN ATHENS: A POWER STRUGGLE /$rJoseph Roisman -- $tSOCRATIC PARRHESIA AND ITS AFTERLIFE IN PLATO?S LAWS /$rMarlein van Raalte -- $t???????? IN ARISTOTLE /$rJ.J. Mulhern -- $tFREEDOM OF SPEECH AND THE ROMAN REPUBLICAN ARMY /$rStefan G. Chrissanthos -- $tSPEAKING BEFORE SUPERIORS: ORPHEUS IN VERGIL AND OVID /$rVictoria Pagán -- $tHISTORIOGRAPHY AND FREEDOM OF SPEECH: THE CASE OF CREMUTIUS CORDUS /$rMary R. McHugh -- $tLIBERTAS OR LICENTIA? FREEDOM AND CRITICISM IN ROMAN SATIRE /$rSusanna Morton Braund -- $tINDEX OF GREEK TERMS /$rIneke Sluiter and Ralph M. Rosen -- $tINDEX OF LATIN TERMS /$rIneke Sluiter and Ralph M. Rosen -- $tINDEX LOCORUM /$rIneke Sluiter and Ralph M. Rosen -- $tGENERAL INDEX /$rIneke Sluiter and Ralph M. Rosen. 330 $aThis book contains a collection of essays on the notion of ?Free Speech? in classical antiquity. The essays examine such concepts as ?freedom of speech,? ?self-expression,? and ?censorship,? in ancient Greek and Roman culture from historical, philosophical, and literary perspectives. Among the many questions addressed are: what was the precise lexicographical valence of the ancient terms we routinely translate as \'Freedom of Speech,\' e.g., Parrhesia in Greece, Licentia in Rome? What relationship do such terms have with concepts such as isêgoria , dêmokratia and eleutheria ; or libertas , res publica and imperium ? What does ancient theorizing about free speech tell us about contemporary relationships between power and speech? What are the philosophical foundations and ideological underpinnings of free speech in specific historical contexts? 410 0$aMnemosyne, bibliotheca classica Batava.$pSupplementum ;$v254. 606 $aClassical literature$xHistory and criticism$vCongresses 606 $aPolitics and literature$zGreece$vCongresses 606 $aLaw and literature$xHistory$yTo 1500$vCongresses 606 $aPolitics and literature$zRome$vCongresses 606 $aFreedom of speech in literature$vCongresses 606 $aFreedom of speech$zGreece$vCongresses 606 $aPolitical oratory$zGreece$vCongresses 606 $aFreedom of speech$zRome$vCongresses 606 $aPolitical oratory$zRome$vCongresses 606 $aOratory, Ancient$vCongresses 608 $aElectronic books. 615 0$aClassical literature$xHistory and criticism 615 0$aPolitics and literature 615 0$aLaw and literature$xHistory 615 0$aPolitics and literature 615 0$aFreedom of speech in literature 615 0$aFreedom of speech 615 0$aPolitical oratory 615 0$aFreedom of speech 615 0$aPolitical oratory 615 0$aOratory, Ancient 676 $a880/.09 701 $aSluiter$b I$g(Ineke)$0538022 701 $aRosen$b Ralph Mark$0287978 712 12$aPenn-Leiden Colloquium on Ancient Values 801 0$bMiAaPQ 801 1$bMiAaPQ 801 2$bMiAaPQ 906 $aBOOK 912 $a9910458632503321 996 $aFree speech in classical antiquity$92151075 997 $aUNINA LEADER 03311nam 22006852 450 001 9910457779803321 005 20160428161553.0 010 $a1-107-22085-8 010 $a1-139-12479-X 010 $a1-283-29621-7 010 $a9786613296214 010 $a1-139-11755-6 010 $a1-139-12821-3 010 $a1-139-11319-4 010 $a0-511-77719-1 010 $a1-139-11538-3 035 $a(CKB)2550000000055658 035 $a(EBL)775126 035 $a(OCoLC)769341830 035 $a(SSID)ssj0000533837 035 $a(PQKBManifestationID)11331181 035 $a(PQKBTitleCode)TC0000533837 035 $a(PQKBWorkID)10510838 035 $a(PQKB)11531809 035 $a(UkCbUP)CR9780511777196 035 $a(MiAaPQ)EBC775126 035 $a(Au-PeEL)EBL775126 035 $a(CaPaEBR)ebr10502850 035 $a(CaONFJC)MIL329621 035 $a(EXLCZ)992550000000055658 100 $a20100514d2011|||| uy| 0 101 0 $aeng 135 $aur||||||||||| 181 $ctxt$2rdacontent 182 $cc$2rdamedia 183 $acr$2rdacarrier 200 00$aAge discrimination and diversity $emultiple discrimination from an age perspective /$fedited by Malcolm Sargeant$b[electronic resource] 210 1$aCambridge :$cCambridge University Press,$d2011. 215 $a1 online resource (x, 211 pages) $cdigital, PDF file(s) 300 $aTitle from publisher's bibliographic system (viewed on 05 Oct 2015). 311 $a1-139-12330-0 311 $a1-107-00377-6 320 $aIncludes bibliographical references and index. 327 $g1.$tAgeism and age discrimination /$rt Malcolm Sargeant --$g2.$tMultiple discrimination /$rLynn Roseberry --$g3.$tOlder women, work and the impact of discrimination /$rDiane Grant --$g4.$tStill disadvantaged?: women in modern pension systems /$rAthina Vlachantoni --$g5.$tAgeing and social class: towards a dynamic approach to class inequalities in old age /$rAlexandra Lopes --$g6.$tAge, sexual orientation and gender identity /$rMalcolm Sargeant --$g7.$tAge and ethnicity /$rSharon Koehn and Karen Kobayshi --$g8.$tDisability and age discrimination /$rGabrielle Mastin and Mark Priestly --$g9.$tNew approaches for understanding inequalities in service use among older people /$rSara Allin and Jose-Luis Fernandez. 330 $aThis volume of essays is concerned with the discrimination against older people that results from a failure to recognise their diversity. By considering the unique combinations of discrimination that arise from the interrelationship of age and gender, pensions, ethnicity, sexual orientation, socio-economic class and disability, the contributors demonstrate that the discrimination suffered is multiple in nature. It is the combination of these characteristics that leads to the need for more complex ways of tackling age discrimination. 517 3 $aAge Discrimination & Diversity 606 $aAge discrimination 606 $aOlder people 606 $aAgeism 615 0$aAge discrimination. 615 0$aOlder people. 615 0$aAgeism. 676 $a305.2608 702 $aSargeant$b Malcolm 801 0$bUkCbUP 801 1$bUkCbUP 906 $aBOOK 912 $a9910457779803321 996 $aAge discrimination and diversity$9247348 997 $aUNINA